| 000 | 00523nam a2200181Ia 4500 | ||
|---|---|---|---|
| 001 | 11650 | ||
| 005 | 20260306162843.0 | ||
| 008 | 260306t2025||||xx |||||||||||||| ||spa|| | ||
| 041 | _aESP | ||
| 082 |
_a985.63 _bD18A |
||
| 100 |
_aDalen Luna, Pieter D. van, _eAUT |
||
| 245 | 0 |
_aArqueología y etnohistoria de Huancarpuquio: _bantiguo ayllu de Ccaraccara (Distrito de Tintay - Aymaraes), Apurímac |
|
| 260 | _c2025 | ||
| 300 |
_a146 páginas : _c21 cm. |
||
| 650 | _aGEN | ||
| 654 | _aCHU | ||
| 942 |
_cLIB _dJUS _fJUS _2ddc _n |
||
| 999 |
_c11650 _d11650 |
||